| 000 | 01142cam a2200337Ia 4500 | ||
|---|---|---|---|
| 999 |
_c7306 _d7306 |
||
| 001 | 01525250 | ||
| 003 | OCoLC | ||
| 005 | 20221104104929.0 | ||
| 008 | 050608s2005 paua b 001 0 eng d | ||
| 020 | _a0803612656 (pbk.) | ||
| 020 | _a9780803612655 (pbk.) | ||
| 020 | _a974982329X (Printed in Thailand) | ||
| 035 | _aocm60580258 | ||
| 035 | _a(OCoLC)60580258 | ||
| 040 |
_aHHO _cHHO _dOCL _dBAKER _dYDXCP _dQ3H _dBTCTA _dAKC _dAU@ _dCKT |
||
| 042 | _anbic | ||
| 049 | _aCKTA | ||
| 050 | 4 |
_aRT51 _b.H67 2005 |
|
| 060 | 4 |
_aQY25 _bH777 |
|
| 082 | 0 | 4 |
_a616.075 _222 |
| 100 | 1 | _aHopkins, Tracey. | |
| 245 | 1 | 0 |
_aLab notes : _bguide to Lab & diagnostic tests / _cTracey Hopkins. |
| 260 |
_aPhiladelphia : _bF.A. Davis, _cc2005. |
||
| 300 |
_a216 p. : _bcol. ill. ; _c8 x 13 cm. |
||
| 440 | 0 | _aDavis's notes. | |
| 504 | _aIncludes bibliographical references (p. 198-199) and index. | ||
| 650 | 0 |
_aNursing _vHandbooks, manuals, etc. |
|
| 650 | 0 |
_aDiagnosis, Laboratory _vHandbooks, manuals, etc. |
|
| 650 | 6 |
_aDiagnostics biologiques _vManuels de laboratoire. |
|
| 650 | 0 |
_aDiagnosis, Laboratory _vHandbooks, manuals, etc. |
|
| 650 | 0 |
_aNursing _vHandbooks, manuals, etc. |
|
| 942 |
_2NLM _cBOOK |
||